| 000 | 00399nam a2200169Ia 4500 | ||
|---|---|---|---|
| 001 | 14218 | ||
| 008 | 140402s9999 xx 000 0 und d | ||
| 020 | _a0-304-33533-9 | ||
| 040 | _cPK-LaUMT | ||
| 082 |
_a 291.7 _bEDU- |
||
| 100 | _aBest, Ron, Ed. | ||
| 245 |
_aEducation, spirituality and the whole child _cBest, Ron, Ed. |
||
| 260 | _c1996 | ||
| 300 | _a354 p. | ||
| 546 | _aEN | ||
| 942 | _cBK | ||
| 999 |
_c14827 _d14827 |
||